How to hide a lion from grandma (Record no. 111486)
[ view plain ]
| 000 -LÍDER | |
|---|---|
| campo de controle de tamanho fixo | 00651 a2200265 4500 |
| 001 - NÚMERO DE CONTROLE | |
| campo de controle | 111486 |
| 020 ## - ISBN - INTERNATIONAL STANDARD BOOK NUMBER | |
| ISBN - International Standard Book Number | 0805098348 |
| 020 ## - ISBN - INTERNATIONAL STANDARD BOOK NUMBER | |
| ISBN - International Standard Book Number | 9781407139067 |
| 020 ## - ISBN - INTERNATIONAL STANDARD BOOK NUMBER | |
| ISBN - International Standard Book Number | 9781407170619 |
| 041 ## - CÓDIGO DE IDIOMA | |
| Código do idioma do texto/trilha sonora ou título diferente | eng |
| 082 ## - CDD - CLASSIFICAÇÃO DECIMAL DE DEWEY | |
| Número de Classificação | [E] |
| 040 ## - FONTE DA CATALOGAÇÃO | |
| Instituição da catalogação original | BR-BrIDEA |
| Instituição que transcreveu o registro | BR-BrIDEA |
| 090 ## - NÚMERO DE CHAMADA LOCAL | |
| Número de chamada (OCLC) (R); Número de chamada, CALL (RLIN) (NR) | SK [E] |
| Número Cutter local (OCLC); Número de classificação do livro, CALL (RLIN) | STE |
| 100 ## - ENTRADA PRINCIPAL--NOME PESSOAL | |
| Nome pessoal | Stephens, Helen |
| Datas associadas ao nome | 1972 |
| 250 ## - EDIÇÃO | |
| Edição | . ed. |
| 245 10 - TÍTULO | |
| Título | How to hide a lion from grandma |
| Indicação de responsabilidade, etc. | Helen Stephens |
| 260 ## - PUBLICAÇÃO, DISTRIBUIÇÃO, ETC. | |
| Local de publicação, distribuição, etc. | London |
| Nome do editor, distribuidor, etc. | Alison Green Books |
| Data da publicação, distribuição, etc. | 2014 |
| 300 ## - DESCRIÇÃO FÍSICA | |
| Extensão | {32} p. |
| 697 ## - ENTRADA DE ASSUNTO LOCAL--ENTIDADE COLETIVA (RLIN) | |
| Nome corporativo ou nome da jurisdição | Lion - Fiction. |
| 697 ## - ENTRADA DE ASSUNTO LOCAL--ENTIDADE COLETIVA (RLIN) | |
| Nome corporativo ou nome da jurisdição | Lions - Fiction. |
| 697 ## - ENTRADA DE ASSUNTO LOCAL--ENTIDADE COLETIVA (RLIN) | |
| Nome corporativo ou nome da jurisdição | Picture books for children. |
| 697 ## - ENTRADA DE ASSUNTO LOCAL--ENTIDADE COLETIVA (RLIN) | |
| Nome corporativo ou nome da jurisdição | Lion |
| 856 ## - LOCALIZAÇÃO ELETRÔNICA E ACESSO | |
| Uniform Resource Identifier | <a href="00001d/00001ddc.jpg">00001d/00001ddc.jpg</a> |
| 942 ## - ELEMENTOS DE ENTRADA ADICIONADOS (KOHA) | |
| Tipo de material Koha | Livros |
| Situação do descarte | Situação das perdas | Fonte da classificação ou esquema de arquivamento na estante | Situação física | Não pode ser emprestado | Biblioteca de origem | Biblioteca atual | Data de aquisição | Total de empréstimos | Número de chamada completo | Código de barras | Data de último acesso | Data do último empréstimo | Data do preço efetivo | Tipo de material Koha | Devolução em |
|---|---|---|---|---|---|---|---|---|---|---|---|---|---|---|---|
| Canadian School of Niterói - Piratininga | Canadian School of Niterói - Piratininga | 09/02/2024 | 1 | STE | A09436 | 09/08/2024 | 09/08/2024 | 09/02/2024 | Livros | 09/08/2024 | |||||
| Classificação Decimal de Dewey | ECB - SUDOESTE | ECB - SUDOESTE | 10/11/2016 | 1 | JK [E] | 00025611SSW | 17/07/2024 | 25/04/2024 | 23/01/2024 | Livros | |||||
| Classificação Decimal de Dewey | ECB - SUDOESTE | ECB - SUDOESTE | 10/11/2016 | Toddler [E] | 00025609SSW | 23/01/2024 | 23/01/2024 | Livros | |||||||
| Classificação Decimal de Dewey | ECB - SUDOESTE | ECB - SUDOESTE | 10/11/2016 | 7 | JK [E] | 00025612SSW | 25/06/2024 | 17/06/2024 | 23/01/2024 | Livros | |||||
| Classificação Decimal de Dewey | ECB - SUDOESTE | ECB - SUDOESTE | 10/11/2016 | Nursery [E] | 00025610SSW | 23/01/2024 | 23/01/2024 | Livros | |||||||
| Classificação Decimal de Dewey | ECB - ÁGUAS CLARAS | ECB - ÁGUAS CLARAS | 21/05/2015 | 1 | A SK [E] STE | 00015576AGC | 11/09/2024 | 09/09/2024 | 23/01/2024 | Livros |